| 000 | 00894nam a2200229Ia 4500 | ||
|---|---|---|---|
| 003 | GCL | ||
| 008 | 140319s9999 xx 000 0 ara d | ||
| 040 |
_aGCL / _cGCL |
||
| 082 | 0 | 4 |
_aق _b910.03 _bك ل |
| 100 | 1 | _aمحمد مسعود | |
| 245 | 1 | 0 |
_aلمحة عامة الى مصر : _bج3 / _cمحمد مسعود |
| 700 | 1 | _aكلوت بك ، ا. ب. | |
| 250 | _aالثانية | ||
| 260 |
_aالقاهرة : _bدار الموقف العربى للصحافة والنشر والتوزيع ، _c1982 |
||
| 300 |
_a271 ص ؛ _c19 سم |
||
| 650 | 0 | 4 | _aمصر |
| 650 | 0 | 4 | _aمصر - تاريخ - العصر الحديث - عصر محمد على ( 1805- 1849 م ) |
| 650 | 0 | 4 | _aمصر القديمة - الاحوال السياسية |
| 650 | 0 | 4 | _aالمسلمين - عادات وتقاليد |
| 650 | 0 | 4 | _aمصر القديمة - الاحوال الاقتصادية |
| 942 |
_2ddc _cBK |
||
| 999 |
_c30950 _d30950 |
||